Decode Country Names - Statistics

General Stats
  • This quiz has been taken 27 times
  • The average score is 10 of 12
Answer Stats
Name in numbers Name % Correct
3,1,14,1,4,1 Canada
96%
18,21,19,19,9,1 Russia
92%
1,12,2,1,14,9,1 Albania
88%
2,18,21,14,5,9 Brunei
88%
6,18,1,14,3,5 France
88%
13,15,26,1,13,2,9,17,21,5 Mozambique
88%
14,5,20,8,5,18,12,1,4,14,19 Netherlands
88%
21,18,21,7,21,1,25 Uruguay
88%
22,5,14,5,26,21,5,12,1 Venezuela
88%
19,23,5,4,5,14 Sweden
83%
20,21,18,11,13,5,14,9,19,20,1,14 Turkmenistan
83%
19,5,14,5,7,1,12 Senegal
79%
No matching quizzes found
Score Distribution
Percent of People with Each Score
Percentile by Number Answered
Your Score History
You have not taken this quiz